| 000 | 00706nam a2200217 a 4500 | ||
|---|---|---|---|
| 001 | 000030672 | ||
| 003 | OSt | ||
| 005 | 20251104125016.0 | ||
| 008 | 110525s1931 dr a 000 0 spa d | ||
| 040 |
_aDO-SdBNP _bspa _cBNPHU |
||
| 082 | 7 | 4 |
_a633.61 _bV648m _222 |
| 100 | 1 |
_aVidal, F. _957251 |
|
| 245 | 1 | 3 |
_aEl mosaico de la caña de azúcar / _cF. Vidal. |
| 260 |
_aSan Pedro de Macorís, República Dominicana : _bTipografía Cervantes, _c1931. |
||
| 300 |
_a44 p. : _bil. fots. ; _c19 cm. |
||
| 590 | _aInventariado, 2018/ YL | ||
| 650 | 0 |
_aCaña de azucar _xCultivo _922166 |
|
| 650 | 4 |
_aCaña de azucar _xEnfermedades y plagas _94249 |
|
| 910 | _aValidado. Control de calidad MFF | ||
| 942 |
_2ddc _cLBS1 |
||
| 999 |
_c30164 _d30164 |
||